000 00534nmm a2200193Ia 4500
008 251105s9999||||xx |||||||||||||||||und||
020 _a8479087439
041 _aspa
100 _aColomes S.I.
245 0 _aFilósofos en almoneda
264 _a[Madrid, España] :
_bPublicaciones de la Universidad de Alicante,
_c2003
300 _a96 páginas
490 _aFilosofía
650 _aSpanish literature
700 _aColomes S.I.
700 1 _a J. B.
856 _uhttps://public.digitaliapublishing.com/a/652
942 _cCF
999 _c64109
_d64109